| 000 | 00897nam a22002537a 4500 | ||
|---|---|---|---|
| 001 | 13155 | ||
| 003 | HDC | ||
| 007 | cr bn --- | ||
| 008 | 210212 my |0 eneng | ||
| 040 | _aHDC | ||
| 100 |
_aKatja Hladnik Troek _eauthor _913981 |
||
| 245 | 0 |
_aIMPACT OF VEROTOXIC E. COLI 0157 IN ANIMALS ON THE HEALTH OF SLOVENIAN HUMAN POPULATION / _cby Katja Hladnik Troek |
|
| 260 |
_a[No place] : _b[publisher not identified], _c2011 |
||
| 300 | _a10 pages | ||
| 336 |
_atext _2rdacontent |
||
| 337 |
_acomputer _2rdamedia |
||
| 338 |
_aonline resource _2rdacarrier |
||
| 650 |
_aveterinary public health _913982 |
||
| 650 |
_azoonosis _913983 |
||
| 856 | _zRequest full-text at [email protected] | ||
| 942 | _2lcc | ||
| 942 | _cEBOOK | ||
| 942 | _kEBOK 002084 | ||
| 999 |
_c10471 _d10471 |
||